|
|
|
|
| LEADER |
00000naa2a2200000 4500 |
| 001 |
449865 |
| 005 |
20231101083233.0 |
| 035 |
|
|
|a (RuTPU)RU\TPU\prd\111976
|
| 035 |
|
|
|a RU\TPU\prd\41662
|
| 090 |
|
|
|a 449865
|
| 100 |
|
|
|a 20110608a2005 k y0rusy50 ca
|
| 101 |
0 |
|
|a rus
|
| 102 |
|
|
|a RU
|
| 200 |
1 |
|
|a Формирование маштабно-структурных уровней локализации пластической деформации в металлических монокристаллах. 1. Макроуровень
|f Л. А. Теплякова, Э. В. Козлов
|
| 320 |
|
|
|a Библиогр.: 17 назв.
|
| 461 |
|
0 |
|0 (RuTPU)RU\TPU\prd\353
|x 1683-805X
|t Физическая мезомеханика
|f Институт физики прочности и материаловедения ; Российская академия наук (РАН), Сибирское отделение (СО), Институт физики прочности и материаловедения (ИФПМ)
|d 1998-
|
| 463 |
|
0 |
|0 (RuTPU)RU\TPU\prd\111971
|t Т. 8, № 6
|v с. 57-66
|d 2005
|
| 610 |
1 |
|
|a пластическая деформация
|
| 610 |
1 |
|
|a ГЦК-монокристаллы
|
| 610 |
1 |
|
|a локализация
|
| 610 |
1 |
|
|a закономерности
|
| 610 |
1 |
|
|a масштабно-структурные уровни
|
| 610 |
1 |
|
|a фрагменты сдвига
|
| 610 |
1 |
|
|a фрагменты изгиба-кручения
|
| 610 |
1 |
|
|a фрагменты поворота
|
| 610 |
1 |
|
|a макрофрагменты сдвига
|
| 610 |
1 |
|
|a иерархическое строение
|
| 610 |
1 |
|
|a макроуровни
|
| 700 |
|
1 |
|a Теплякова
|b Л. А.
|
| 701 |
|
1 |
|a Козлов
|b Э. В.
|
| 801 |
|
1 |
|a RU
|b 63413507
|c 20060228
|g PSBO
|
| 801 |
|
2 |
|a RU
|b 63413507
|c 20110608
|g RCR
|
| 942 |
|
|
|c BK
|